000
00326nam a22001457a 4500
020
_a
978-81-26-46-507
082
_a
894.812.3
_b
RAN/S
100
_a
MURTY SUDHA
245
_a
RANDU AMMAKKATHAKAL
260
_a
KOTTAYAM
_b
DC BOOKS
_c
2023
300
_a
190
520
_a
MALAYALM NOVEL
650
_a
MALAYALM NOVEL
942
_c
BK
999
_c
7175
_d
7175